| 000 | 00521nam a22001577a 4500 | ||
|---|---|---|---|
| 999 |
_c528026 _d528026 |
||
| 082 | _a615 | ||
| 100 | _aQayyum, Aisha | ||
| 245 |
_astudy of Genetic and Pharmacokinetic Issues Related to Efficacy and Toxicity of Warfarin in Pakistani Subjects _cDr. Aisha Qayyum |
||
| 260 |
_aIslamabad: _bAMC - NUST, _c2014. |
||
| 300 |
_a213 p.: ill.; _c30cm. |
||
| 942 |
_2ddc _cTHE |
||
| 650 |
_aPh. D Thesis _919288 |
||
| 700 |
_aMuzammil Hasan _919537 |
||